| 000 | 00770nam a22001935i 4500 | ||
|---|---|---|---|
| 001 | 162116 | ||
| 003 | ES-MaACL | ||
| 005 | 20251204170747.0 | ||
| 008 | 990104s1875 sp |||| | spa d | ||
| 100 | 1 |
_aPiernas y Hurtado, José Manuel, _d1843-1911 _991943 |
|
| 245 | 1 | 0 |
_aManual de instituciones de Hacienda Pública española / _cpor José M. Piernas y Hurtado y Mariano de Miranda y Eguía. |
| 250 | _a2ª ed., ref. y considerablemente mejorada. | ||
| 260 |
_aMadrid : _b[s.n.], _c1875 ( _fImp. de la Sociedad Tipográfica) |
||
| 300 |
_a612 p. ; _c22 cm. |
||
| 650 | 0 | 0 |
_aHacienda pública- _zEspaña- _yS.XIX _9227084 |
| 700 | 1 |
_aMiranda y Eguía, Mariano de _9129972 |
|
| 852 |
_aES-MaACL _jG-14383 _z- Enc. pasta española |
||
| 999 |
_c162116 _d162116 |
||